000 00853nam a2200265 a 4500
001 BRL_1400
005 20190320211202.0
008 100114s1975----sz-ao#####---#000-0#ger-#
020 _a3855720169
041 _ager
044 _asz
050 4 _aNK8802.5.S9
_b.S3 1975
110 2 _aSchweizerisches Landesmuseum
_926782
245 1 0 _aTextilen
_bkatalog der Sammlung des Schweizerischen Landesmuseums Zürich, Ausgewählte Stücke
_cJenny Schneider.
260 _aZürich
_bBerichthaus
_c1975
300 _a251 p.
_bil., fotografías
_c29 cm.
500 _aAu1629
504 _aBibliografía: p. 247-248
610 2 4 _aSchweizerisches Landesmuseum
_926782
650 1 4 _aTextiles
_vCatálogos
_zZurich (Suiza)
_926783
650 1 4 _aTelas
_vCatálogos
_zZurich (Suiza)
_926784
700 1 _aSchneider, Jenny
_926785
902 _aGRL
942 _2lcc
_cB
999 _c10211
_d10211